00634nam a2200181 i 4500001000700000003000900007005001700016007000300033008004100036100002500077245006600102260004400168300003500212600004500247852002100292999001900313952012000332127315ES-MaACL20250718060559.0t|070214s1916 xxu r ||||1| eng d1 aRhys, Ernest.99666510aRabindranath Tagore b: a biographical study / cErnest Rhys. aNew York : bMacmillan and Co., c1916. aXVI, 158 p. : bil. ; c20 cm.14aTagore, Rabindranath,d1861-19419109071 aES-MaACLjF-8254 c127315d127315 00104070aATENEOMbATENEOMcSPP2d2008-01-17eSCl0oF-8254p1132607r2023-02-23 00:00:00w2023-02-23yMONOGRAFIA